000 00447nam a2200157 i 4500
001 bg
100 1 _aRYBAK, Mieczysław
245 0 _aPrzebudowa i wzmacnianie mostów /
_cMieczysław Rybak.
260 _aWarszawa :
_bWydawnictwa Komunikacji i Łączności,
_c1983.
490 1 _aInżynieria Komunikacyjna
830 _aInżynieria Komunikacyjna
040 _cBPK
041 _apol
942 _cKS
008 s pl f |000 0 pol
999 _c21751
_d21751
856 _uhttp://koha.tu.koszalin.pl/cgi-bin/koha/opac-detail.pl?biblionumber=21751
_yKatalog online BPK